000 00299 a2200121 4500
000 nam a22 7a 4500
005 20250923140652.0
020 _a9781538195581 (pbk)
100 _aPropp, Louis
_9822421
245 _aLessons in teletherapy
260 _bRowman & Littlefield
_c2024
942 _cTB
999 _c1436137
_d1436137